Das Einsteigerseminar CorelDRAW X7 /

Bibliographic Details
Main Author: Seimert, Winfried (Author)
Format: eBook
Language:German
Published: Heidelberg : bhv, [2014]
Edition:1. Auflage.
Subjects:
Online Access:Connect to the full text of this electronic book

MARC

Tag First Indicator Second Indicator Subfields
LEADER 00000cam a2200000Ii 4500
001 in00004668021
006 m o d
007 cr unu||||||||
008 161130s2014 gw a o 000 0 ger d
005 20260123213025.4
020 |a 9783826676406 
020 |a 3826676408 
035 |a (OCoLC)964633662 
037 |a CL0500000801  |b Safari Books Online 
040 |a UMI  |b eng  |e rda  |e pn  |c UMI  |d OCLCO  |d OCLCF  |d OCLCA  |d OCLCO  |d OCLCQ 
049 |a TXAM 
050 4 |a T385 
082 0 4 |a 006.686  |q OCoLC  |2 22/ger/20230216 
100 1 |a Seimert, Winfried,  |e author. 
245 1 4 |a Das Einsteigerseminar CorelDRAW X7 /  |c Winfried Seimert. 
246 3 0 |a CorelDRAW X7 
250 |a 1. Auflage. 
264 1 |a Heidelberg :  |b bhv,  |c [2014] 
264 4 |c Ã2014 
300 |a 1 online resource (1 volume) :  |b illustrations 
336 |a text  |b txt  |2 rdacontent 
337 |a computer  |b c  |2 rdamedia 
338 |a online resource  |b cr  |2 rdacarrier 
588 |a Description based on online resource; title from title page (Safari, viewed November 18, 2016). 
630 0 0 |a CorelDRAW! 
630 0 7 |a CorelDRAW!  |2 fast  |0 (OCoLC)fst01375677 
650 0 |a Computer graphics. 
650 2 |a Computer Graphics 
650 6 |a Infographie. 
650 7 |a computer graphics.  |2 aat 
650 7 |a Computer graphics.  |2 fast  |0 (OCoLC)fst00872119 
856 4 0 |u https://proxy.library.tamu.edu/login?url=https://go.oreilly.com/TAMU/library/view/-/9783826676406/?ar  |z Connect to the full text of this electronic book  |t 0 
955 |a Safari/O'Reilly ebooks 
994 |a 92  |b TXA 
999 f f |s bdcfed10-224c-42b1-9df2-f9c933291472  |i 6c292b69-57c3-4099-9091-0f788193e644  |t 0 
952 f f |a Texas A&M University  |b College Station  |c Electronic Resources  |s www_evans  |d Available Online  |t 0  |e T385   |h Library of Congress classification 
998 f f |a T385   |t 0  |l Available Online